El hombre que se convirtio en toro y otras historias de la Inquisicion / (Record no. 24579)

MARC details
000 -LEADER
fixed length control field 01219cam a2200313Ia 4500
001 - CONTROL NUMBER
control field 82556973
003 - CONTROL NUMBER IDENTIFIER
control field OCoLC
005 - DATE AND TIME OF LATEST TRANSACTION
control field 20200507194427.0
008 - FIXED-LENGTH DATA ELEMENTS--GENERAL INFORMATION
fixed length control field 070209s2006 mx a c 000 0 spa d
020 ## - INTERNATIONAL STANDARD BOOK NUMBER
International Standard Book Number 970200831X :
Terms of availability $12.95
020 ## - INTERNATIONAL STANDARD BOOK NUMBER
International Standard Book Number 9789702008316 :
Terms of availability $12.95
040 ## - CATALOGING SOURCE
Original cataloging agency HCO
Transcribing agency HCO
Modifying agency BAKER
-- LNQ
041 ## - LANGUAGE CODE
Language code of text/sound track or separate title spa
100 1# - MAIN ENTRY--PERSONAL NAME
Personal name Cortes Hernandez, Santiago.
245 13 - TITLE STATEMENT
Title El hombre que se convirtio en toro y otras historias de la Inquisicion /
Statement of responsibility, etc. Santiago Cortes Hernandez ; ilustraciones, Edgar Clement.
250 ## - EDITION STATEMENT
Edition statement 1. ed.
260 ## - PUBLICATION, DISTRIBUTION, ETC. (IMPRINT)
Place of publication, distribution, etc. Mexico, D. F. :
Name of publisher, distributor, etc. Castillo,
Date of publication, distribution, etc. 2006.
300 ## - PHYSICAL DESCRIPTION
Extent 57 p. :
Other physical details col. ill. ;
Dimensions 21 cm.
440 #0 - SERIES STATEMENT/ADDED ENTRY--TITLE
Title Otra escalera.
520 ## - SUMMARY, ETC.
Summary, etc. Stories from the history of the Inquisition in New Spain.
650 #0 - SUBJECT ADDED ENTRY--TOPICAL TERM
Topical term or geographic name as entry element Inquisition
Geographic subdivision New Spain
Form subdivision Juvenile literature.
650 #0 - SUBJECT ADDED ENTRY--TOPICAL TERM
Topical term or geographic name as entry element Inquisition
Geographic subdivision Mexico
-- San Juan del Rio (Queretaro)
Form subdivision Juvenile literature.
650 #7 - SUBJECT ADDED ENTRY--TOPICAL TERM
Topical term or geographic name as entry element Inquisicion
Geographic subdivision Nueva Espana
Form subdivision Literatura juvenil.
Source of heading or term bidex.
650 #7 - SUBJECT ADDED ENTRY--TOPICAL TERM
Topical term or geographic name as entry element Inquisicion
Geographic subdivision Mexico
-- San Juan del Rio (Queretaro)
Form subdivision Literatura juvenil.
Source of heading or term bidex.
651 #0 - SUBJECT ADDED ENTRY--GEOGRAPHIC NAME
Geographic name New Spain
General subdivision History
Form subdivision Juvenile literature.
651 #7 - SUBJECT ADDED ENTRY--GEOGRAPHIC NAME
Geographic name Nueva Espana
General subdivision Historia
Form subdivision Literatura juvenil.
Source of heading or term bidex.
700 1# - ADDED ENTRY--PERSONAL NAME
Personal name Clement, Edgar.
942 ## - ADDED ENTRY ELEMENTS (KOHA)
Koha item type Libro/Book
Holdings
Withdrawn status Lost status Damaged status Not for loan Home library Current library Shelving location Date acquired Inventory number Total Checkouts Full call number Barcode Date last seen Date checked out Price effective from Koha item type
        San Juan Del Sur -- Biblioteca San Juan Del Sur -- Biblioteca General Stacks 18/04/2014 Inventory date: 15-5-25 7 JF 30000385 11/01/2021 22/12/2020 18/04/2014 Libro/Book

Powered by Koha